Hauptstädte Nordamerikas auf einer Karte - Statistiken

Allgemein
  • Dieses Quiz wurde 397 mal gespielt
  • Das Durchschnittsergebnis liegt bei 15 aus 23
Antworten auf der Karte
Die Antworten werden auf der Karte rot bzw. grün angezeigt, abhängig davon wie oft sie richtig erraten wurden.
 
Antwortstatistiken
Antwort % Korrekt
Washington D.C.
98%
Mexiko-Stadt
96%
Ottawa
91%
Panama-Stadt
89%
Havanna
85%
Guatemala-Stadt
83%
San Salvador
80%
Kingston
77%
Kingstown
77%
Nassau
70%
Port-au-Prince
70%
San Jose
68%
Santo Domingo
65%
Managua
61%
Port of Spain
58%
Belmopan
57%
Tegucigalpa
55%
Bridgetown
49%
Roseau
49%
Saint John‘s
45%
St. George‘s
45%
Castries
39%
Basseterre
38%
Keine übereinstimmenden Quizze gefunden
Verteilung der Resultate
Anzahl Personen mit jedem Resultat
Perzentil nach korrekt beantworteten Fragen
Ihre Resultats-Entwicklung
Sie haben dieses Quiz noch nicht gespielt